Country Names with Second Letter "R" - Statistics

General Stats
  • This quiz has been taken 258 times
  • The average score is 13 of 15
Answer Stats
Hint Answer % Correct
12 Croatia
91%
5 Armenia
89%
8 Brazil
87%
13 France
87%
9 Argentina
86%
7 Eritrea
86%
15 Greece
86%
6 Ireland
84%
4 Iran
81%
1 Grenada
80%
3 Iraq
80%
14 Uruguay
80%
10 Brunei
79%
2 Trinidad and Tobago
79%
11 Sri Lanka
77%
No matching quizzes found
Score Distribution
Percent of People with Each Score
Percentile by Number Answered
Your Score History
You have not taken this quiz